Constitutionality of the Voting Rights Provision of Section 1110 of the Constitution for the Proposed State of New Columbia.

Assesses the conformity with the U.S. Constitution of a provision in the constitution of the State of New Columbia, as proposed by the D.C. government, allowing voters in Federal enclaves who are not residents of the new State to vote in the State's elections.

Bibliographic Details
Corporate Authors: Library of Congress. Congressional Research Service, ProQuest (Firm)
Format: eBook
Language:English
Published: [Place of publication not identified] : [publisher not identified], 1987.
Series:U.S. Congressional Research.
Subjects:
Online Access:Connect to the full text of this electronic book

MARC

Tag First Indicator Second Indicator Subfields
LEADER 00000cam a22000001a 4500
001 in00003356921
006 m d f
007 cr bn mmmapmmp
008 100617s1987 dcu o f000 0 eng d
005 20260430193750.2
035 |a cis2007880976 
040 |a ProQuest  |c ProQuest  |d UtOrBLW 
043 |a n-us--- 
099 |a CRS-1987-AML-0068 
110 2 |a Library of Congress.  |b Congressional Research Service. 
245 1 0 |a Constitutionality of the Voting Rights Provision of Section 1110 of the Constitution for the Proposed State of New Columbia. 
264 1 |a [Place of publication not identified] :  |b [publisher not identified],  |c 1987. 
300 |a 1 online resource. 
336 |a text  |b txt  |2 rdacontent 
337 |a computer  |b c  |2 rdamedia 
338 |a online resource  |b cr  |2 rdacarrier 
500 |a Record is based on bibliographic data in ProQuest U.S. Congressional Research Digital Collection (last viewed June 2010). Reuse except for individual research requires license from ProQuest, LLC. 
500 |a CRS Report. 
520 |a Assesses the conformity with the U.S. Constitution of a provision in the constitution of the State of New Columbia, as proposed by the D.C. government, allowing voters in Federal enclaves who are not residents of the new State to vote in the State's elections. 
500 |a Electronic resource. 
650 0 |a Constitutional law. 
650 0 |a Elections. 
655 7 |a Electronic books.  |2 local 
710 2 |a ProQuest (Firm) 
776 0 8 |i Microfiche version:   |a Library of Congress. Congressional Research Service.  |t Constitutionality of the Voting Rights Provision of Section 1110 of the Constitution for the Proposed State of New Columbia 
830 0 |a U.S. Congressional Research. 
856 4 0 |u http://proxy.library.tamu.edu/login?url=https://congressional.proquest.com/congcomp/getdoc?CRDC-ID=CRS-1987-AML-0068  |z Connect to the full text of this electronic book  |t 0 
999 |a MARS 
999 f f |s 22c93b0d-3076-316f-a50d-ab004261c50b  |i 97d763ce-ef68-30f7-ba21-26fbc02881ff  |t 0 
952 f f |a Texas A&M University  |b College Station  |c Electronic Resources  |s www_evans  |d Available Online  |t 0  |e CRS-1987-AML-0068  |h Other scheme 
998 f f |a CRS-1987-AML-0068  |t 0  |l Available Online